000 00350nam a2200121Ia 4500
005 20260326100039.0
008 260326s9999||||xx |||||||||||||| ||und||
100 _aPalacios Roji García, Agustín
245 0 _aGuía Turística :
_b Ciudad de México /
_cAgustín Palacios Roji García
260 _bRoji
650 _aARQUITECTURA REGIONAL
942 _cBK
999 _c6942
_d6942